Foreign Harry Potter Quiz Stats

 Plays Quiz not verified by Sporcle

Challenge
Share
Tweet
Embed
Score 0/14 Timer 03:00
0 Plays Today
title language % Correct
Harrius Potter et Camera SecretorumHarry Potter and the Chamber of Secrets
92.8%
Harry Potter y El Misterio del PríncipeSpanish
89.4%
Harry Potter y El Misterio del PríncipeHarry Potter and the Half-Blood Prince
79.4%
Harry Potter och FenixordenHarry Potter and the Order of the Phoenix
77%
Harry Potter und die Heiligtümer des TodesGerman
76.1%
Harry Potter e il Calice di FuocoHarry Potter and the Goblet of Fire
73.5%
Harry Potter und die Heiligtümer des TodesHarry Potter and the Deathly Hallows
72.5%
title language % Correct
Harri Potter a Maen yr AthronyddHarry Potter and the Philosopher's Stone
69.6%
Harry Potter e il Calice di FuocoItalian
67.2%
해리 포터와 불사조 기사단Harry Potter and the Prisoner of Azkaban
65.9%
Harrius Potter et Camera SecretorumLatin
65.1%
해리 포터와 불사조 기사단Korean
59.7%
Harri Potter a Maen yr AthronyddWelsh
34.9%
Harry Potter och FenixordenSwedish
34.3%

You're not logged in!

Compare scores with friends on all Sporcle quizzes.
Join for Free
OR
Log In

You Might Also Like...

Show Comments

Extras

Created May 1, 2010ReportNominate
Tags:Harry Potter Quiz, foreign

Top Quizzes Today


Score Distribution

Your Account Isn't Verified!

In order to create a playlist on Sporcle, you need to verify the email address you used during registration. Go to your Sporcle Settings to finish the process.

Report this User

Report this user for behavior that violates our Community Guidelines.

Details: